000 00909nam a2200253Ia 4500
003 OSt
005 20220923210956.0
006 a|||||r|||| 00| 0
007 ta
008 220922b |||||||| |||| 00| 0 pan d
020 _a8130200481
_c200
024 _a260,605
037 _b558, 14/12/2011, H.K. Prakashan
_cTextual
040 _aARTS
_cARTS
_bpan
041 _2pan
_apan
082 _aO153:g, P6
100 _aਥਿੰਦ, ਕਰਨੈਲ ਸਿੰਘ
_9156315
245 0 _aਪਾਕਿਸਤਾਨੀ ਪੰਜਾਬੀ ਸਾਹਿਤ ਦਾ ਸੰਖੇਪ ਜਾਇਗ਼ਾ
260 _aਪਟਿਆਲਾ
_b ਪਬਲੀਕੇFਨ ਬਿਊਰੋ
_c2006
300 _a266ਪੰ
_ccm.
650 _aਪੰਜਾਬੀ ਸਾਹਿਤ
942 _hO153:g, P6
_cTEXL
_2CC
999 _c293394
_d293394